00482nam a2200193 a 4500001001300000003000900013005001700022008004100039020001000080082001900090100002200109245002300131260003100154300000900185500003500194505001700229650002000246700002200266nice12345678IN_TiNIC20260116012518.0050524s1943 laha grp 000 0 urd  ac10000a891.4393bKRI1 aKrishan Chander,  aZindagi Ke Mor Per aLahorebMaktaba Urduc1943 a167p aincludes index and biblioraphy2 aIndex, Hymns aUrdu-Literature1 aKrishan Chander,